[Event "Master Open"]
[Site "Voronezh"]
[Date "2017.06.16"]
[Round "5.43"]
[White "Harshini, A"]
[Black "Bryakin, Mikhail"]
[Result "0-1"]
[WhiteElo "2000"]
[BlackElo "2338"]
[Annotator ""]
[Source ""]
[Remark ""]

1.e4 d5 2.exd5 Qxd5 3.Nc3 Qa5 4.d4 Nf6 5.Bc4 Bg4 6.f3 Bf5 7.Nge2
c6 8.Be3 Nbd7 9.Ng3 Bg6 10.Qd2 e6 11.Nce4 Qxd2+ 12.Bxd2 O-O-O
13.Be3 Nd5 14.Bf2 Nf4 15.O-O Be7 16.Ne2 Nd5 17.c3 Rhe8 18.Rad1
a5 19.a4 h6 20.Bd3 Bh7 21.Rfe1 g5 22.Nxg5 Bxd3 23.Nxf7 Bc2 24.Ra1
N7b6 25.Nxd8 Bxd8 26.Ng3 Nc4 27.Ne4 Be7 28.Bg3 b6 29.Nf2 Kd7
30.Re2 Bf5 31.Ne4 Nd6 32.Nxd6 Bxd6 33.Bxd6 Kxd6 34.g3 c5 35.dxc5+
bxc5 36.Rd1 c4 37.Rd4 Bd3 38.Rd2 e5 39.Rh4 Re6 40.Re4 Kc5 41.Re1
Nb6 42.b3 cxb3 43.Rxd3 Kc4 44.Rdd1 b2 45.Re4+ Kb3 46.f4 Nxa4
47.f5 Rf6 48.Rxe5 Nxc3 49.Rf1 a4 50.Re6 Rxe6 51.fxe6 Nd5 0-1

[Event "Master Open"]
[Site "Voronezh"]
[Date "2017.06.16"]
[Round "5.44"]
[White "Murtazin, Bulat"]
[Black "Kharmunova, Nadezhda"]
[Result "1-0"]
[WhiteElo "2403"]
[BlackElo "2137"]
[Annotator ""]
[Source ""]
[Remark ""]

1.d4 Nf6 2.c4 e6 3.Nf3 b6 4.a3 Bb7 5.Nc3 Ne4 6.g3 Be7 7.Bg2 Nxc3
8.bxc3 O-O 9.O-O d6 10.Re1 c5 11.e4 Nc6 12.e5 Na5 13.exd6 Bxd6
14.Qd3 Be7 15.Bf4 Rc8 16.d5 exd5 17.cxd5 c4 18.Qc2 Nb3 19.Rad1
Bd6 20.Ng5 g6 21.Ne6 fxe6 22.dxe6 Bxg2 23.Rxd6 Qc7 24.e7 Rxf4
25.Rxg6+ Kf7 26.Rh6 Ke8 27.Rxh7 Be4 28.Rxe4 Rxe4 29.Qxe4 1-0

[Event "Master Open"]
[Site "Voronezh"]
[Date "2017.06.16"]
[Round "5.45"]
[White "Shtyka, Sergey"]
[Black "Smirnov, Alexander"]
[Result "1-0"]
[WhiteElo "2281"]
[BlackElo "2423"]
[Annotator ""]
[Source ""]
[Remark ""]

1.Nf3 d5 2.c4 e6 3.b3 Nf6 4.Bb2 Be7 5.g3 O-O 6.Bg2 c5 7.cxd5
Nxd5 8.Nc3 Nc6 9.Rc1 b6 10.O-O Bb7 11.d4 cxd4 12.Nxd5 exd5 13.Nxd4
Nxd4 14.Qxd4 Bf6 15.Qd2 Re8 16.e3 Qe7 17.Bxf6 Qxf6 18.Rc7 Re7
19.Qc2 Qd6 20.Rc1 g6 21.h4 Rae8 22.h5 gxh5 23.Rxe7 Rxe7 24.Qf5
Qg6 25.Qf4 Qg4 26.Qb8+ Kg7 27.Rc7 Rxc7 28.Qxc7 Bc8 29.Qe7 Qb4
30.Qc7 Qe1+ 31.Kh2 Be6 32.Qe5+ Kg8 33.Qb8+ Kg7 34.Qe5+ Kg8 35.Qf6
b5 36.a4 bxa4 37.bxa4 Qa5 38.Qg5+ Kh8 39.e4 h4 40.Qe5+ Kg8 41.exd5
hxg3+ 42.Qxg3+ Kf8 1-0

[Event "Master Open"]
[Site "Voronezh"]
[Date "2017.06.16"]
[Round "5.46"]
[White "Dmitriev, Igor"]
[Black "Palachev, Petr"]
[Result "0-1"]
[WhiteElo "2242"]
[BlackElo "2380"]
[Annotator ""]
[Source ""]
[Remark ""]

1.d4 d5 2.Nc3 Nf6 3.Bg5 c5 4.e3 Nc6 5.Bb5 cxd4 6.exd4 Bf5 7.Nge2
e6 8.O-O h6 9.Bxf6 Qxf6 10.Ng3 Bg6 11.Re1 Rd8 12.Qd2 Be7 13.Bxc6+
bxc6 14.Na4 h5 15.Nf1 Bd6 16.Qc3 O-O 17.Nc5 Qe7 18.b4 Rfe8 19.Qd2
e5 20.c3 Qc7 21.dxe5 Bxe5 22.Nb3 h4 23.h3 Re7 24.Nd4 Rde8 25.Nf3
Bf6 26.Rxe7 Rxe7 27.Ne3 Be4 28.Nd4 Bg5 29.Re1 c5 30.bxc5 Qxc5
31.Qb2 Rc7 32.Nd1 Bf6 33.f3 Bf5 34.Qf2 Bd7 35.Re3 Qb6 36.Rd3
Qb1 37.Qf1 Qxa2 38.Ne3 Rxc3 39.Rxc3 Bxd4 40.Qe1 Bxc3 41.Qxc3
Qb1+ 42.Kf2 Qb6 43.Qe5 Be6 44.f4 d4 45.Nd1 Qb4 0-1

[Event "Master Open"]
[Site "Voronezh"]
[Date "2017.06.16"]
[Round "5.47"]
[White "Krivtsov, Alexander"]
[Black "Bykov, Egor"]
[Result "1/2-1/2"]
[WhiteElo "2240"]
[BlackElo "2332"]
[Annotator ""]
[Source ""]
[Remark ""]

1.e4 e6 2.d4 d5 3.e5 c5 4.c3 Nc6 5.Nf3 Qb6 6.a3 Bd7 7.b4 cxd4
8.cxd4 Rc8 9.Be3 Nh6 10.Bd3 Ng4 11.O-O Be7 12.Nbd2 Nxe3 13.fxe3
Nb8 14.Qe2 Rc3 15.Rfb1 Ba4 16.Rc1 Rxc1+ 17.Rxc1 O-O 18.Nb1 Bd7
19.e4 Bc6 20.Nc3 dxe4 21.Nxe4 Bxe4 22.Qxe4 g6 23.Qe3 Rd8 24.Be4
a5 25.bxa5 Qxa5 26.Bxb7 Bxa3 27.Rb1 Bb2 28.Be4 Qc3 29.Qxc3 Bxc3
30.Rb3 Rc8 31.Kf2 Na6 32.Ke3 Nb4 33.Ng1 Na6 34.Ne2 Be1 35.g3
Rb8 36.Rxb8+ Nxb8 37.Nf4 Kf8 38.Nd3 Ba5 39.Nb2 Ke7 40.Nc4 Bc7
41.g4 h6 42.h4 Nd7 43.Bc6 Nb6 44.Nd2 f6 45.exf6+ Kxf6 46.Ne4+
Kf7 47.Nd2 Kf6 48.Ne4+ Kf7 1/2-1/2

[Event "Master Open"]
[Site "Voronezh"]
[Date "2017.06.16"]
[Round "5.48"]
[White "Pranav, V"]
[Black "Sadhwani, Raunak"]
[Result "0-1"]
[WhiteElo "2147"]
[BlackElo "2328"]
[Annotator ""]
[Source ""]
[Remark ""]

1.e4 c6 2.d4 d5 3.exd5 cxd5 4.c4 Nf6 5.Nc3 Nc6 6.Nf3 Bg4 7.cxd5
Nxd5 8.Qb3 Bxf3 9.gxf3 e6 10.Be3 Qb6 11.Qxb6 Nxb6 12.a3 a6 13.O-O-O
Ne7 14.Kb1 Nbd5 15.Ne4 Nf5 16.Bc1 O-O-O 17.Bc4 Kb8 18.Rhe1 Be7
19.Nc3 Nb6 20.Ba2 Rxd4 21.Rxd4 Nxd4 22.Be3 Nxf3 23.Rd1 Nc8 24.Bf4+
Ka8 25.Bc7 Nh4 26.Rd7 Nf5 27.Na4 Rf8 28.Bb3 Bd6 29.Nb6+ Nxb6
30.Bxb6 Kb8 31.h3 Kc8 32.Rxf7 Rxf7 33.Bxe6+ Rd7 34.Bxf5 g6 35.Be6
Bc7 36.Bxd7+ Kxd7 37.Bxc7 Kxc7 38.f4 Kd6 39.Kc2 Kd5 40.Kd3 b5
41.h4 a5 42.b3 a4 43.bxa4 bxa4 44.Ke3 Kc4 45.Kd2 Kb3 46.h5 Kxa3
47.Kc3 Ka2 48.Kc2 Ka1 49.Kc1 gxh5 50.f5 h4 51.f6 h3 52.f7 h2
53.f8Q h1Q+ 54.Kc2 Qe4+ 55.Kd2 Qd4+ 56.Kc2 Qb2+ 57.Kd1 a3 58.Qd6
a2 59.Qd5 Qc3 60.Qb5 h6 61.Qd5 Qe3 62.Qb5 Qc3 63.Qh5 Kb2 64.Qe2+
Kb3 65.Qb5+ Qb4 66.Qd3+ Kb2 67.Qe2+ Ka3 68.Qe5 Qb1+ 69.Kd2 Qb2+ 0-1

[Event "Master Open"]
[Site "Voronezh"]
[Date "2017.06.16"]
[Round "5.49"]
[White "Nazaretyan, Tigran"]
[Black "Muromtsev, Arthur"]
[Result "1-0"]
[WhiteElo "2328"]
[BlackElo "2234"]
[Annotator ""]
[Source ""]
[Remark ""]

1.d4 Nf6 2.c4 c5 3.d5 b5 4.cxb5 a6 5.bxa6 g6 6.Nc3 Bxa6 7.e4
Bxf1 8.Kxf1 d6 9.g3 Bg7 10.Kg2 O-O 11.Nf3 Nbd7 12.a4 Ne8 13.Qe2
Qb6 14.Nb5 Nc7 15.Nxc7 Qxc7 16.Nd2 Rfb8 17.Nc4 Nb6 18.Nxb6 Qxb6
19.Ra2 Qb4 20.Qc2 c4 21.Rd1 Qb3 22.Qxb3 Rxb3 23.a5 Ra6 24.Rd2
f5 25.Rc2 c3 26.bxc3 Bxc3 27.exf5 gxf5 28.Be3 Bb4 29.Rc8+ Kf7
30.Rh8 Kg6 31.Rb8 Ra3 32.Rxa3 Bxa3 33.Bd2 Ra7 34.Bc3 Rc7 35.a6
Ra7 36.Rb6 Bc5 37.Rc6 Kf7 38.Ba5 Kf6 39.f4 e6 40.Bb6 Bxb6 41.Rxb6
exd5 42.Rxd6+ Kf7 43.Kf3 Rc7 44.Ke3 Rc2 45.Rxd5 Ra2 46.Rxf5+
Kg6 47.Rg5+ Kh6 48.Re5 Rxa6 49.Kf3 Kg6 50.Kg4 Kh6 51.h3 Rb6 52.h4
Ra6 53.Kf3 Ra1 54.g4 Rh1 55.h5 Rh4 56.Re1 Rh2 57.Re6+ Kg7 58.Re7+
Kg8 59.Rd7 Rh4 60.Rd1 Rh2 61.Ke4 Ra2 62.Ke5 Re2+ 63.Kf6 Re8 64.Rd7
Rf8+ 65.Kg5 Ra8 66.f5 Ra4 67.Rd8+ Kf7 68.h6 1-0

[Event "Master Open"]
[Site "Voronezh"]
[Date "2017.06.16"]
[Round "5.50"]
[White "Martynyuk, Elizaveta"]
[Black "Vinogradov, Anatoly"]
[Result "0-1"]
[WhiteElo "2112"]
[BlackElo "2309"]
[Annotator ""]
[Source ""]
[Remark ""]

1.e4 e6 2.d4 d5 3.Nc3 Nf6 4.e5 Nfd7 5.Nf3 c5 6.dxc5 Nc6 7.Bf4
Nxc5 8.Bd3 Be7 9.Qe2 a6 10.h4 h6 11.h5 Bd7 12.a3 b5 13.b4 Nxd3+
14.cxd3 Qb6 15.O-O O-O 16.Qb2 f6 17.exf6 Rxf6 18.Ne2 Raf8 19.Be3
Qb8 20.Rac1 Rxf3 21.gxf3 Ne5 22.Rfd1 Nxf3+ 23.Kf1 e5 24.Ng1 Nh2+
25.Ke1 d4 26.f3 Nxf3+ 27.Nxf3 Rxf3 28.Bf2 Qf8 29.Rc7 Bg4 30.Rdc1
Bg5 31.R1c2 Rxd3 32.Qb1 Rd1+ 33.Qxd1 Bxd1 34.Rc8 Bxc2 0-1

[Event "Master Open"]
[Site "Voronezh"]
[Date "2017.06.16"]
[Round "5.51"]
[White "Yashmetov, Mikhail"]
[Black "Pshmahov, Osman"]
[Result "1-0"]
[WhiteElo "2308"]
[BlackElo "2012"]
[Annotator ""]
[Source ""]
[Remark ""]

1.Nf3 d5 2.b3 Bf5 3.Bb2 e6 4.g3 Nf6 5.Bg2 c5 6.O-O Bd6 7.d3 Nbd7
8.e4 Bg4 9.exd5 Nxd5 10.Bxg7 Rg8 11.Bb2 Qc7 12.Nbd2 O-O-O 13.Ne4
f5 14.Nxd6+ Qxd6 15.c4 Nf4 16.gxf4 Bh3 17.Ng5 Bxg2 18.Kxg2 h6
19.Qf3 hxg5 20.fxg5 Rxg5+ 21.Kh1 Ne5 22.Bxe5 Qxe5 23.Rae1 Qd6
24.Qe3 Rg6 25.Re2 f4 26.Qe5 Qxd3 27.Qxc5+ Kd7 28.Qb5+ Kc8 29.Qc5+
Kd7 30.Qh5 Rh8 31.Rd2 Rxh5 32.Rxd3+ Ke7 33.f3 Rgh6 34.Rf2 Kf6
35.Re2 Rh7 36.Rd4 e5 37.Rd6+ Kf5 38.Rd8 Re7 39.Rf8+ Kg6 40.Rxf4
Rd7 41.Rg2+ Kh7 42.Rfg4 Rd1+ 43.Rg1 Rd2 44.Rg7+ Kh8 45.R7g2 Rd3
46.Rg5 Rh4 47.R1g4 Rxg4 48.fxg4 Rd1+ 49.Kg2 Rd2+ 50.Kf3 b5 51.cxb5
Rxa2 52.Rxe5 Rb2 53.h4 Kg7 54.Kf4 Rxb3 55.Kg5 Rb4 56.h5 Kh7 57.h6
Rd4 58.Re7+ Kg8 59.Kh5 Rd5+ 60.g5 Rxb5 61.h7+ Kh8 62.Kh6 Rb6+
63.g6 1-0

[Event "Master Open"]
[Site "Voronezh"]
[Date "2017.06.16"]
[Round "5.52"]
[White "Mendonca, Leon Luke"]
[Black "Tomilova, Elena"]
[Result "1/2-1/2"]
[WhiteElo "2174"]
[BlackElo "2303"]
[Annotator ""]
[Source ""]
[Remark ""]

1.d4 Nf6 2.c4 c6 3.Nc3 d5 4.e3 Bf5 5.cxd5 Nxd5 6.Qb3 Qb6 7.Nxd5
Qxb3 8.axb3 cxd5 9.Nf3 f6 10.Bd2 e6 11.Bb5+ Nc6 12.Ke2 Be7 13.Bxc6+
bxc6 14.Ra6 Kd7 15.Rha1 Rhb8 16.Rxa7+ Rxa7 17.Rxa7+ Ke8 18.b4
g5 19.Ra4 Bc2 20.Ra6 Bb3 21.Ra7 h5 22.Rc7 Kd8 23.Ra7 g4 24.Ne1
Bxb4 25.Bxb4 Rxb4 26.Kd2 Bc4 27.Kc3 Rb3+ 28.Kc2 Rb5 29.Rf7 f5
30.Rh7 Ra5 31.Kb1 Ba2+ 32.Kc2 c5 33.Nd3 cxd4 34.exd4 Ra4 35.Nf4
Rc4+ 36.Kd3 Bb1+ 37.Ke3 e5 38.Ne6+ Ke8 39.Nc7+ Kf8 40.Ne6+ Kg8
41.Rg7+ Kh8 42.Rd7 f4+ 43.Kd2 Bf5 44.Rd8+ Kh7 45.Nf8+ Kg7 46.dxe5
Rc2+ 47.Ke1 Rc8 48.Rxd5 Rxf8 49.Rd4 Be6 50.Ke2 Kg6 51.f3 Kg5
52.Kf2 Rc8 53.Rd2 Rc5 54.g3 Rxe5 55.gxf4+ Kxf4 56.Rd4+ Kf5 57.b4
Rd5 58.fxg4+ hxg4 59.Rxd5+ Bxd5 60.Kg3 Be6 61.h3 1/2-1/2

[Event "Master Open"]
[Site "Voronezh"]
[Date "2017.06.16"]
[Round "5.53"]
[White "Siddharth, Sabharishankar"]
[Black "Yeritsyan, Aram"]
[Result "0-1"]
[WhiteElo "2087"]
[BlackElo "2295"]
[Annotator ""]
[Source ""]
[Remark ""]

1.e4 e5 2.Nf3 Nc6 3.Bb5 a6 4.Ba4 Nf6 5.O-O Be7 6.Re1 b5 7.Bb3
O-O 8.d4 d6 9.c3 Bg4 10.Be3 exd4 11.cxd4 d5 12.e5 Ne4 13.Nc3
Nxc3 14.bxc3 f5 15.Qd2 Bxf3 16.gxf3 Na5 17.Bc2 Qe8 18.f4 Nb7
19.a4 c6 20.Reb1 Na5 21.Qe2 Nc4 22.Bd3 Nb6 23.axb5 axb5 24.Qc2
g6 25.Kh1 Qd7 26.Rg1 Rxa1 27.Rxa1 Ra8 28.Rg1 Kh8 29.Qe2 Ra3 30.Bc1
Rxc3 31.Bb2 Rb3 32.e6 Qc7 33.Qc2 Rxb2 34.Qxb2 Qxf4 35.Qc2 Nc4
36.Bxc4 Qf3+ 37.Rg2 dxc4 38.Qa2 Kg7 39.Qa8 Qd1+ 40.Rg1 Qxd4 41.f3
Qd5 42.Qc8 Qxf3+ 43.Rg2 Qd1+ 44.Rg1 Qd5+ 45.Rg2 c3 0-1

[Event "Master Open"]
[Site "Voronezh"]
[Date "2017.06.16"]
[Round "5.54"]
[White "Anchutin, Nikita"]
[Black "Michelle Catherina, P"]
[Result "0-1"]
[WhiteElo "2282"]
[BlackElo "2157"]
[Annotator ""]
[Source ""]
[Remark ""]

1.d4 Nf6 2.Nf3 e6 3.c4 d5 4.g3 Bb4+ 5.Bd2 Bd6 6.Bg2 c6 7.Nc3
O-O 8.Qc2 dxc4 9.e4 Be7 10.O-O b5 11.e5 Nd5 12.a4 Ba6 13.Ne4
h6 14.Rfc1 Qb6 15.g4 Nd7 16.g5 c5 17.axb5 Bxb5 18.gxh6 cxd4 19.hxg7
Kxg7 20.Qd1 d3 21.Nfg5 Nxe5 22.Nxf7 Rxf7 23.Qh5 Rf5 24.Qh6+ Kg8
25.Ng3 Bf8 26.Qh4 Rxf2 27.Kh1 Rxg2 28.Kxg2 Bc6 29.Kh3 Qf2 30.Rg1
Bg7 31.Qg5 Nf3 32.Qg6 Qxh2+ 33.Kg4 Ne5+ 0-1

[Event "Master Open"]
[Site "Voronezh"]
[Date "2017.06.16"]
[Round "5.55"]
[White "Iliushkin, Evgeny"]
[Black "Krithigga, K"]
[Result "1/2-1/2"]
[WhiteElo "2241"]
[BlackElo "1836"]
[Annotator ""]
[Source ""]
[Remark ""]

1.c4 e6 2.Nf3 Nf6 3.e3 d5 4.d4 Be7 5.Nc3 O-O 6.Bd3 c6 7.O-O Nbd7
8.Qe2 dxc4 9.Bxc4 b5 10.Bd3 a6 11.e4 Re8 12.e5 Nd5 13.Ne4 Nf8
14.Bd2 Ng6 15.g3 Bb7 16.Rae1 Rc8 17.Nc5 Qb6 18.a4 Ba8 19.a5 Qa7
20.h4 Bxc5 21.dxc5 Nf8 22.Ng5 Qe7 23.Ne4 Rc7 24.Nd6 Rb8 25.h5
f6 26.exf6 gxf6 27.Bh6 Nd7 28.Bd2 Ne5 29.Bc2 Nf7 30.Bf4 e5 31.Nxf7
Qxf7 32.Bh6 Rd7 33.Be4 1/2-1/2

[Event "Master Open"]
[Site "Voronezh"]
[Date "2017.06.16"]
[Round "5.56"]
[White "Ustinov, Alexey"]
[Black "Rjabzev, Konstantin"]
[Result "0-1"]
[WhiteElo "2138"]
[BlackElo "2278"]
[Annotator ""]
[Source ""]
[Remark ""]

1.d4 d6 2.Nf3 g6 3.e4 Nf6 4.Nc3 Bg7 5.Be2 O-O 6.O-O c6 7.a4 a5
8.h3 Nbd7 9.Be3 e5 10.dxe5 dxe5 11.Qd2 Qe7 12.Ne1 Nc5 13.f3 Rd8
14.Nd3 Nxd3 15.Bxd3 Nh5 16.Ne2 c5 17.Qc3 b6 18.Bc4 Bf6 19.Rfd1
Be6 20.Qb3 Bxc4 21.Qxc4 Bg5 22.Bf2 Bd2 23.g4 Ng7 24.Nc3 Bxc3
25.bxc3 Ne6 26.Bg3 Qg5 27.Qe2 Nf4 28.Bxf4 exf4 29.Kg2 Qe5 30.Qc4
Qf6 31.Kg1 Kg7 32.Kh2 h5 33.gxh5 Qh4 34.Qf1 Qxh5 35.Rxd8 Rxd8
36.Rd1 Rxd1 37.Qxd1 Qh4 38.Qg1 c4 39.Qd4+ Kg8 40.Qg1 Kf8 41.Qd1
Qf2+ 42.Kh1 Ke7 43.e5 Qc5 44.Qe2 Qe3 45.Qxc4 Qxf3+ 46.Kg1 Qg3+
47.Kf1 Qxh3+ 48.Kf2 Qe3+ 49.Kf1 Qxe5 50.Qc6 Qd6 51.Qe4+ Kf8 52.c4
Qd1+ 53.Kf2 Qd2+ 54.Kf1 Qe3 0-1

[Event "Master Open"]
[Site "Voronezh"]
[Date "2017.06.16"]
[Round "5.57"]
[White "Shkurkin, Andrey"]
[Black "Kochukova, Anna"]
[Result "1/2-1/2"]
[WhiteElo "2229"]
[BlackElo "2123"]
[Annotator ""]
[Source ""]
[Remark ""]

1.d4 Nf6 2.c4 e6 3.g3 Bb4+ 4.Bd2 c5 5.Bxb4 cxb4 6.Bg2 O-O 7.e3
d6 8.Nf3 a5 9.O-O Re8 10.a3 Na6 11.axb4 axb4 12.Nbd2 e5 13.h3
Qb6 14.c5 Qd8 15.cxd6 exd4 16.Nxd4 Qxd6 17.Nc4 Qc7 18.Qe2 Bd7
19.Rfc1 Nc5 20.Nd2 Rxa1 21.Rxa1 h6 22.Qc4 Qb6 23.Rc1 Rc8 24.Qe2
Rc7 25.Nc4 Qa6 26.Ne5 Qxe2 27.Nxe2 Bb5 28.Nd4 Ba6 29.Nf5 b6 30.Nc6
b3 31.Ncd4 Rd7 32.Rc3 Bc8 33.Kh2 Ra7 34.Nd6 Be6 35.Nxe6 fxe6
36.Nc8 Ra2 37.Nxb6 Nce4 38.Rxb3 Nxf2 39.Bf3 N6e4 40.Nc4 Ra4 41.Ne5
Ra5 42.Nc6 Rc5 43.Nd4 e5 44.Nf5 Rc2 45.Kg1 Rc1+ 46.Kh2 Rc2 47.Bg2
Ng5 48.Kg1 Rc1+ 49.Kh2 Rc2 50.Kg1 Rc1+ 51.Kh2 1/2-1/2

[Event "Master Open"]
[Site "Voronezh"]
[Date "2017.06.16"]
[Round "5.58"]
[White "Shaydullina, Sandugach"]
[Black "Tsvetkov, Andrey"]
[Result "1-0"]
[WhiteElo "2217"]
[BlackElo "2072"]
[Annotator ""]
[Source ""]
[Remark ""]

1.d4 d5 2.c4 c6 3.Nf3 Nf6 4.Nc3 e6 5.cxd5 exd5 6.Bg5 g6 7.e3
Bg7 8.Bd3 O-O 9.h3 a5 10.O-O Qd6 11.Bf4 Qe7 12.Qc2 Na6 13.a3
b5 14.Ne5 Bb7 15.Bg5 Qd6 16.f4 Nd7 17.Bh4 Rae8 18.Bf2 f5 19.Qd2
Nf6 20.Na2 Qe7 21.Be1 a4 22.Rc1 Ne4 23.Qc2 Bxe5 24.fxe5 Qd7 25.Qe2
Nc7 26.Bxe4 fxe4 27.Bb4 Rxf1+ 28.Rxf1 Ne6 29.Bd6 Nd8 30.b3 Nf7
31.Bb4 Qc7 32.bxa4 bxa4 33.Bc5 Qc8 34.Nb4 Ng5 35.Qf2 Qd7 36.Qc2
Ra8 37.Rf6 Ne6 38.Bd6 Kg7 39.h4 h5 40.Qb1 Re8 41.Qd1 Kh7 42.Qxa4
Ng7 43.Nxd5 Qg4 44.Rf7 Qg3 45.Nf6+ Kh6 46.Nxe8 Qxe3+ 47.Kh2 Qe1
48.Be7 1-0

[Event "Master Open"]
[Site "Voronezh"]
[Date "2017.06.16"]
[Round "5.59"]
[White "Ioffe, Ilya"]
[Black "Bezgodova, Svetlana"]
[Result "0-1"]
[WhiteElo "2214"]
[BlackElo "2038"]
[Annotator ""]
[Source ""]
[Remark ""]

1.e4 e5 2.Nf3 Nc6 3.Bc4 Bc5 4.O-O Nf6 5.d3 d6 6.c3 a6 7.Bb3 Ba7
8.Nbd2 Be6 9.h3 h6 10.Re1 Qd7 11.Nf1 O-O-O 12.Ba4 g5 13.d4 b5
14.Bc2 exd4 15.Nxd4 Ne5 16.a4 b4 17.a5 c5 18.Ba4 Qb7 19.Nxe6
fxe6 20.Ng3 c4 21.Be3 b3 22.Bxa7 Qxa7 23.Re3 Rhf8 24.Ne2 Nh5
25.Nd4 Nf4 26.Qd2 Qc5 27.Kh2 Rf6 28.f3 h5 29.Ra3 g4 30.fxg4 hxg4
31.h4 Rh8 32.Kg3 Nh5+ 33.Kh2 g3+ 34.Kg1 Rhf8 35.Re1 Nd3 36.Rd1
e5 0-1

[Event "Master Open"]
[Site "Voronezh"]
[Date "2017.06.16"]
[Round "5.60"]
[White "Rakshitta, Ravi"]
[Black "Pogosian, Georgy"]
[Result "1-0"]
[WhiteElo "1910"]
[BlackElo "2211"]
[Annotator ""]
[Source ""]
[Remark ""]

1.e4 g6 2.d4 Bg7 3.Nc3 d6 4.Bg5 h6 5.Bh4 c5 6.dxc5 Qa5 7.Qd2
Bxc3 8.bxc3 dxc5 9.Bc4 Nc6 10.Ne2 Ne5 11.Bd5 e6 12.Bg3 Nd7 13.Bb3
Ngf6 14.f3 b5 15.Qd6 c4 16.Qc6 O-O 17.Qxa8 cxb3 18.cxb3 Nc5 19.Rd1
Bb7 20.Qxf8+ Kxf8 21.Bd6+ Ke8 22.Bxc5 Qxa2 23.b4 Nd7 24.Be3 h5
25.Kf2 a6 26.Rd6 Qc4 27.Rhd1 Bc8 28.Nd4 h4 29.Rc6 1-0

[Event "Master Open"]
[Site "Voronezh"]
[Date "2017.06.16"]
[Round "5.61"]
[White "Sarvesh, Kumar A"]
[Black "Grigoryeva, Olga A."]
[Result "0-1"]
[WhiteElo "1905"]
[BlackElo "2204"]
[Annotator ""]
[Source ""]
[Remark ""]

1.e4 c5 2.Nf3 Nc6 3.d4 cxd4 4.Nxd4 e5 5.Nb5 d6 6.c4 Be7 7.N1c3
a6 8.Na3 Be6 9.Nc2 Bg5 10.Be2 Bxc1 11.Rxc1 Nge7 12.O-O O-O 13.Qd2
Qd7 14.Rfd1 Rad8 15.Qe3 f5 16.f3 fxe4 17.fxe4 Ng6 18.Nd5 Nf4
19.Rf1 Bg4 20.Bf3 Bxf3 21.Rxf3 Qg4 22.Qd2 Ne6 23.Qe2 Rxf3 24.Qxf3
Qg5 25.Rf1 Rf8 26.Qe3 Rxf1+ 27.Kxf1 Qh4 28.Kg1 Nc5 29.Nc3 Nd4
30.Ne1 b5 31.cxb5 Nxb5 32.Nf3 Qf4 33.Qxf4 exf4 34.Nxb5 axb5 35.e5
dxe5 36.Nxe5 Kf8 37.b4 Ne4 38.Nd3 g5 39.h4 h6 40.hxg5 hxg5 41.Nb2
Nc3 42.a3 Kf7 43.Kf2 Kf6 44.g3 Ne4+ 45.Kf3 Nxg3 46.a4 bxa4 47.Nxa4
Kf5 48.b5 g4+ 49.Kg2 Ne4 50.b6 f3+ 51.Kf1 g3 52.b7 g2+ 53.Kg1
Ng5 54.Kf2 Nh3+ 55.Kxf3 g1Q 56.b8Q Qf2# 0-1

[Event "Master Open"]
[Site "Voronezh"]
[Date "2017.06.16"]
[Round "5.62"]
[White "Gutkovich, Polina"]
[Black "Kavyev, Ruslan"]
[Result "1/2-1/2"]
[WhiteElo "1904"]
[BlackElo "2188"]
[Annotator ""]
[Source ""]
[Remark ""]

1.d4 Nf6 2.c4 g6 3.Nc3 d5 4.Nf3 Bg7 5.Bg5 Ne4 6.cxd5 Nxg5 7.Nxg5
e6 8.Nf3 exd5 9.e3 O-O 10.b4 c6 11.Qb3 Be6 12.Bd3 Nd7 13.Na4
b5 14.Nb2 a5 15.O-O axb4 16.Qxb4 Qa5 17.Qb3 Nb6 18.Rfc1 Nc4 19.a4
Rfb8 20.Qc2 Qb4 21.Nd1 Rxa4 22.Rcb1 Qd6 23.Rxa4 bxa4 24.Rxb8+
Qxb8 25.Qxa4 Qb5 26.Bc2 Qb7 27.Ne1 Bf5 28.Nd3 Bf8 29.Nf4 Bxc2
30.Qxc2 Na3 31.Qd3 Qb4 32.g3 Bd6 33.Kg2 Nc4 34.Qc2 Bxf4 35.gxf4
Qe1 36.Nb2 Qb4 37.Nd3 Qe7 38.Ne5 Nxe5 39.fxe5 Qe6 40.h3 Kg7 1/2-1/2

[Event "Master Open"]
[Site "Voronezh"]
[Date "2017.06.16"]
[Round "5.63"]
[White "Sakorenko, Adriana"]
[Black "Grishaev, Igor"]
[Result "1-0"]
[WhiteElo "2140"]
[BlackElo "1931"]
[Annotator ""]
[Source ""]
[Remark ""]

1.d4 e5 2.dxe5 Nc6 3.Nf3 f6 4.exf6 Nxf6 5.e3 d5 6.Be2 Bd6 7.O-O
O-O 8.c4 Be6 9.cxd5 Bxd5 10.Nc3 Kh8 11.Nxd5 Nxd5 12.g3 Nf6 13.b3
Qd7 14.Kg2 Rad8 15.Bb2 Ne4 16.Qc2 Qe6 17.Bd3 Nb4 18.Qc4 Qxc4
19.Bxc4 a6 20.a3 b5 21.Be2 Nd5 22.Nd4 Rde8 23.Bf3 c5 24.Ne2 c4
25.Rad1 c3 26.Bxe4 cxb2 27.Rxd5 Bxa3 28.Bb1 Rb8 29.Nd4 Rbc8 30.Nc2
Bc5 31.b4 Be7 32.Rd2 Rc4 33.Ba2 Bxb4 34.Nxb4 Rxb4 35.Rb1 Ra4
36.Rbxb2 g5 37.Bd5 Rf6 38.e4 g4 39.e5 Rf8 40.e6 Kg7 41.Re2 Kf6
42.e7 Re8 43.Re6+ Kf5 44.Rbe2 1-0

[Event "Master Open"]
[Site "Voronezh"]
[Date "2017.06.16"]
[Round "5.64"]
[White "Protopopova, Anastasiya"]
[Black "Cherednichenko, Dmitrij"]
[Result "1-0"]
[WhiteElo "2123"]
[BlackElo "2242"]
[Annotator ""]
[Source ""]
[Remark ""]

1.d4 d5 2.Nf3 e6 3.c4 c6 4.Qc2 Nf6 5.e3 Nbd7 6.Nc3 Bd6 7.Bd3
O-O 8.O-O dxc4 9.Bxc4 b5 10.Bd3 Bb7 11.e4 e5 12.dxe5 Nxe5 13.Nxe5
Bxe5 14.h3 a6 15.Be3 Nh5 16.Ne2 g6 17.Rad1 Qa5 18.f4 Bc7 19.b4
Qxb4 20.Bc5 Qa5 21.Bxf8 Rxf8 22.e5 c5 23.Kh2 c4 24.Be4 Bxe4 25.Qxe4
Ng7 26.Rd7 Bb6 27.Ng3 Qxa2 28.Qc6 Bf2 29.Ne4 Bh4 30.Nd6 Qe2 31.Rxf7
Qxf1 32.Rxf8+ Kxf8 33.Qc8+ 1-0

[Event "Master Open"]
[Site "Voronezh"]
[Date "2017.06.16"]
[Round "5.65"]
[White "Lingur, Zalina"]
[Black "Garifullina, Leya"]
[Result "0-1"]
[WhiteElo "2125"]
[BlackElo "1883"]
[Annotator ""]
[Source ""]
[Remark ""]

1.e4 c5 2.Nf3 d6 3.d4 cxd4 4.Nxd4 Nf6 5.Nc3 a6 6.Bg5 Nbd7 7.f4
Qc7 8.Qf3 h6 9.Bxf6 Nxf6 10.f5 Qc5 11.O-O-O g5 12.g3 g4 13.Qe2
h5 14.Bg2 Qe5 15.Kb1 Bd7 16.Qf2 Bh6 17.Rhe1 Rc8 18.Re2 Rxc3 19.bxc3
O-O 20.Nb3 Bb5 21.Ree1 Qxc3 22.Qd4 Qc8 23.e5 dxe5 24.Rxe5 Bg7
25.Qc5 Qxc5 26.Nxc5 b6 27.Nd3 Re8 28.Nf4 Kf8 29.Bf1 Bc6 30.Bg2
Bb5 31.Re3 Bh6 32.Rc3 Bxf4 33.gxf4 Rb8 34.Kb2 Bd7 35.Rcd3 Bxf5
36.Rd8+ Rxd8 37.Rxd8+ Kg7 38.c4 h4 39.a4 a5 40.Kc3 h3 41.Bh1
Ne4+ 42.Kd4 g3 43.hxg3 Nxg3 44.Bf3 h2 45.Ke3 Be4 46.Bxe4 Nxe4
47.Rd1 Ng3 48.Kd4 h1Q 49.Rxh1 Nxh1 50.Kd5 Nf2 51.Kc6 Nd3 52.Kxb6
Nxf4 53.Kxa5 e5 54.Kb6 e4 55.a5 e3 56.a6 e2 57.a7 e1Q 58.a8Q
Qb4+ 59.Kc6 Qxc4+ 60.Kd6 Qd5+ 61.Qxd5 Nxd5 62.Kxd5 Kg6 63.Ke4
Kg5 0-1

[Event "Master Open"]
[Site "Voronezh"]
[Date "2017.06.16"]
[Round "5.66"]
[White "Zaika, Daniil"]
[Black "Pogorelskikh, Sofia"]
[Result "1/2-1/2"]
[WhiteElo "2093"]
[BlackElo "2050"]
[Annotator ""]
[Source ""]
[Remark ""]

1.d4 Nf6 2.c4 g6 3.Nc3 Bg7 4.e4 d6 5.Nf3 O-O 6.Be3 e5 7.dxe5
dxe5 8.Qxd8 Rxd8 9.Nd5 Nxd5 10.cxd5 c6 11.Bc4 b5 12.Bb3 Bb7 13.Rc1
a5 14.a3 a4 15.Ba2 b4 16.axb4 a3 17.bxa3 Rxa3 18.Bc4 Ra4 19.Bb6
Rc8 20.Bc5 cxd5 21.exd5 Nd7 22.d6 Nxc5 23.bxc5 Bh6 24.d7 Rd8
25.O-O Bxc1 26.Rxc1 Bxf3 27.gxf3 Rxc4 28.Rxc4 Rxd7 29.Kg2 f6
30.f4 exf4 31.Kf3 Kf7 32.Kxf4 Ke6 33.Ra4 Rc7 34.Ra6+ Ke7 35.Ra5
Ke6 36.Ra6+ Ke7 37.Ra5 1/2-1/2

[Event "Master Open"]
[Site "Voronezh"]
[Date "2017.06.16"]
[Round "5.67"]
[White "Smirnova, Ekaterina"]
[Black "Hart, Alexander"]
[Result "1-0"]
[WhiteElo "2216"]
[BlackElo "1918"]
[Annotator ""]
[Source ""]
[Remark ""]

1.d4 Nf6 2.c4 g6 3.Nc3 d5 4.cxd5 Nxd5 5.e4 Nxc3 6.bxc3 Bg7 7.Nf3
c5 8.Be3 O-O 9.Qd2 Qa5 10.Rb1 a6 11.Rc1 Rd8 12.d5 Nc6 13.Bd3
Bg4 14.O-O Bxf3 15.gxf3 Ne5 16.Be2 Rac8 17.f4 Nd7 18.c4 Qxd2
19.Bxd2 e5 20.fxe5 Bxe5 21.Rb1 b6 22.Bg5 f6 23.Be3 h5 24.f4 Bd6
25.Bf3 Re8 26.Bg2 Rb8 27.a4 a5 28.Bd2 Kg7 29.Bc3 Kh6 30.Rbe1
g5 31.e5 fxe5 32.fxg5+ Kg7 33.Bh3 Nf8 34.Rf6 Rbd8 35.Ref1 Re7
36.Rh6 Ng6 37.Rf6 Nf4 38.Rxf4 1-0

[Event "Master Open"]
[Site "Voronezh"]
[Date "2017.06.16"]
[Round "5.1"]
[White "Chigaev, Maksim"]
[Black "Pridorozhni, Aleksei"]
[Result "1/2-1/2"]
[WhiteElo "2561"]
[BlackElo "2540"]
[Annotator ""]
[Source ""]
[Remark ""]

1.e4 c5 2.Nf3 e6 3.d3 Nc6 4.g3 g6 5.Bg5 Qc7 6.Bg2 Bg7 7.Nc3 a6
8.h4 d6 9.Qd2 h6 10.Be3 Nd4 11.O-O Ne7 12.Nh2 Rb8 13.Rae1 b5
14.Nd1 b4 15.f4 Qa5 16.c3 Nb5 17.c4 Nd4 18.g4 Qxa2 19.e5 d5 20.cxd5
Nxd5 21.Bxd4 cxd4 22.f5 exf5 23.gxf5 Bxf5 24.Nf3 Ne3 25.Nxe3
dxe3 26.Rxe3 O-O 27.Nd4 Bd7 28.h5 Qa5 29.Nb3 Qb6 30.d4 Bf5 31.Qf2
Rbd8 32.Rg3 f6 33.e6 Bxe6 34.Nc5 g5 35.Nxe6 Qxe6 36.Re3 Qd7 37.Qf5
Qxf5 38.Rxf5 Rxd4 39.Bd5+ Kh8 40.Re7 Rd8 41.Bb3 R4d7 42.Rxd7
Rxd7 43.Bc4 a5 44.Rxa5 Bf8 45.b3 Rc7 46.Kg2 Bc5 47.Ra8+ Kg7 48.Rg8+
Kh7 49.Rd8 f5 50.Bd3 Kg7 51.Bxf5 Kf6 52.Rc8 Ke5 1/2-1/2